00381nam a22001217a 4500003000900000005001700009008004900026040002300075100002100098245008300119260002700202300003000229DO-SdBNP20171124105540.0171123b nyu 1968 a ||||| |||| 00| 0 spa d aBPMSUbsap cBPMSU1 aYoung, Percy M.10aMasters of music: Tchaikovsky.bMasters of music: Tchaikovsky.cPercy M Young. aLondon,bBenn, c1968. a76 p. : bil. ; c22 cm.